|
|
|
|
| LEADER |
00000nam a2200000 a 4500 |
| 001 |
vtls001085525 |
| 003 |
SK-MaSNL |
| 005 |
20260301044612.0 |
| 008 |
250414s1987 xo f 00000 slo |
| 015 |
|
|
|a SNBA1987/09
|
| 035 |
|
|
|a SNK000028364
|
| 040 |
|
|
|a SNK
|b slo
|c SNK
|e AACR2
|
| 041 |
0 |
|
|a slo
|
| 044 |
|
|
|a xo
|c SK
|
| 080 |
|
|
|a 371.3:51:373.3/.5(082)
|2 1981
|
| 080 |
|
|
|a 51
|2 1981
|
| 080 |
|
|
|a 373.3/.5(082)
|2 1981
|
| 245 |
0 |
0 |
|a Stav a výsledky vyučovania matematiky v základných a stredných školách a ďalší postup jeho skvalitňovania
|b zborník z celoslovenskej konferencie o vyučovaní matematiky v základných a stredných školách
|c zost. Júlia Lukátšová
|
| 250 |
|
|
|a 1. vyd.
|
| 260 |
|
|
|a Bratislava
|b Slovenské pedagogické nakladateľstvo
|c 1987
|
| 300 |
|
|
|a 200 s., 8,30 AH
|b tab.
|c 20 cm
|
| 366 |
|
|
|e 12000 výt.
|
| 500 |
|
|
|a Účelová publ. MŠ SSR
|
| 650 |
0 |
7 |
|a matematika
|2 SNK
|9 70174
|
| 650 |
0 |
7 |
|a vyučovanie
|2 SNK
|9 1522
|
| 650 |
0 |
7 |
|a základné školy
|2 SNK
|9 1280
|
| 650 |
0 |
7 |
|a stredné školy
|2 SNK
|9 1279
|
| 655 |
|
7 |
|a zborníky
|2 SNK
|9 70165
|
| 700 |
1 |
|
|a Lukátšová, Júlia
|4 com
|9 6303
|
| 852 |
|
|
|a Slovenská národná knižnica
|
| 958 |
|
|
|a OND
|
| 958 |
|
|
|a TL
|
| 999 |
|
|
|c 596376
|d 598306
|
| 952 |
|
|
|t P60, <04>, [BOOK], {604}
|a SNK
|b SNK
|y VYP
|7 0
|p 17A0126255
|o snkSD 59029 D1
|0 0
|1 0
|4 0
|d 1998-03-02
|l 0
|r 2004-12-31 00:00:00
|w 2026-02-23
|